000
00344 a2200157 4500
001
74886
020
_a
9788516090906
040
_c
Anchieta - Colégio São Paulo
100
_a
Rocha, Ruth
240
1
0
_a
O pequeno Mozart
_l
por
245
1
0
_a
O pequeno Mozart
300
_a
35
362
0
_a
2014
650
4
_a
Literatura infantil
942
_c
BK
999
_c
74886
_d
74886